| 000 | 00871cam a22002771 4500 | ||
|---|---|---|---|
| 999 |
_c20210 _d20210 |
||
| 001 | 6485740 | ||
| 003 | BDDh-ASL | ||
| 005 | 20231015025847.0 | ||
| 008 | 780306s1947 pk 001 0 eng | ||
| 010 | _a 49027795 | ||
| 035 | _a(OCoLC)3688548 | ||
| 040 |
_aDLC _cGU _dGU _dBDDh-ASL _dOCoLC _dDLC |
||
| 050 | 0 | 0 |
_aHN40.M6 _bH8 |
| 082 |
_a297 _bHUI |
||
| 100 | 1 | _aHussain, Mirza Mohammad. | |
| 245 | 1 | 0 |
_aIslam and socialism: _bcritical analysis of capitalism, communism, socialism and nazism as contrasted with the Quranic conception of a new world order / |
| 260 |
_aLahore: _bM. Ashraf _c[c1947] |
||
| 300 |
_aix, 446 p. _c25 cm. |
||
| 650 | 0 | _aIslamic sociology. | |
| 650 | 0 | _aCapitalism. | |
| 650 | 0 | _aSocialism. | |
| 650 | 0 | _aFascism. | |
| 650 | 0 | _aNational socialism and Islam. | |
| 906 |
_a7 _bcbc _coclcrpl _du _encip _f19 _gy-gencatlg |
||
| 942 |
_2ddc _cBK |
||